000 01055nam a2200337 i 4500
003 CL-SaCFP
005 20260211154814.0
007 ta
008 250630s2025 amc 000 0dspa
020 _a9789561238008
040 _cCL
043 _as-cl---
082 0 4 _a658.0220983 M991 2025
_221
100 1 _aMustakis, Alejandra
_eautora
245 1 0 _aYo creo :
_bcreer, crear y emprender /
_cAlejandra Mustakis.
250 _a1a edición: junio de 2025.
264 1 _aSantiago de Chile :
_bEmpresa Editora Zig-Zag, S.A.,
_c2025.
264 3 _aSantiago, Chile :
_bA Impresores S.A.,
_c2025.
264 4 _c©2025
300 _a247 páginas ;
_c23 cm.
336 _atexto
_btxt
_2rdacontent
337 _ano mediado
_bn
_2rdamedia
338 _avolumen
_bnc
_2rdacarrier
500 _aDiseñado para ser intervenido por el lector.
600 1 7 _aMustakis, Alejandra
_eautora
650 7 _aEmpresarias
_zChile
_vRelatos personales
650 7 _aEmprendimiento
_xEnseñanza
655 7 _aRelatos personales
942 _2ddc
_cLIBRO
949 _ac
_bc
999 _c16320
_d16320